[Event "Niederrhein-ch"]
[Site "Niederrhein"]
[Date "2006.04.09"]
[Round "3.3"]
[White "Kappelt, Joerg"]
[Black "Mrochen, Markus"]
[Result "1-0"]
[WhiteElo "2155"]
[BlackElo "1934"]
[PlyCount "81"]
[EventDate "2006.04.07"]
[EventType "swiss"]
[EventRounds "9"]
[EventCountry "GER"]
[SourceTitle "CBM 111 Extra"]
[Source "ChessBase"]
[SourceDate "2006.05.09"]
[SourceVersion "1"]
[SourceVersionDate "2006.05.09"]
[SourceQuality "1"]

1. f4 d5 2. e3 Nf6 3. b3 c6 4. Bb2 Bg4 5. Be2 Bxe2 6. Qxe2 Nbd7 7. Nf3 e6 8. 0-0 Bd6 9. Ne5 Qc7 10. Nxd7 Qxd7 11. Bxf6 gxf6 12. d3 0-0-0 13. Nd2 Qc7 14. Kh1 Kb8 15. Nf3 Rhg8 16. c4 dxc4 17. bxc4 Rge8 18. Rad1 c5 19. Qf2 Be7 20. Qc2 f5 21. Rb1 Bf6 22. Rb3 Rd6 23. Rfb1 b6 24. a4 Red8 25. a5 R8d7 26. h3 Qd8 27. axb6 Rxb6 28. Kh2 Rdb7 29. Rb5 Rxb5 30. Rxb5 Rxb5 31. cxb5 Qd5 32. e4 Qd7 33. Qxc5 Qxd3 34. e5 Bd8 35. Nd4 Bc7 36. Nc6+ Kc8 37. Nxa7+ Kb7 38. Qc6+ Kxa7 39. Qxc7+ Ka8 40. b6 Qa6 41. Kg3 1-0

[Event "Niederrhein-ch"]
[Site "Niederrhein"]
[Date "2006.04.08"]
[Round "2.1"]
[White "Schmoll, Heinz"]
[Black "Kappelt, Joerg"]
[Result "1-0"]
[WhiteElo "2115"]
[BlackElo "2155"]
[PlyCount "203"]
[EventDate "2006.04.07"]
[EventType "swiss"]
[EventRounds "9"]
[EventCountry "GER"]
[SourceTitle "CBM 111 Extra"]
[Source "ChessBase"]
[SourceDate "2006.05.09"]
[SourceVersion "1"]
[SourceVersionDate "2006.05.09"]
[SourceQuality "1"]

1. e4 g6 2. d4 Bg7 3. f4 d5 4. e5 h5 5. Be3 Nh6 6. h3 c6 7. Nf3 Bf5 8. c4 dxc4 9. Bxc4 e6 10. Nc3 Nd7 11. Qd2 Bf8 12. 0-0 Nb6 13. Bb3 Be7 14. Bf2 Nd5 15. Rfe1 Kf8 16. a3 Kg7 17. Rac1 Qb6 18. Ba2 Rad8 19. Bxd5 exd5 20. Bh4 Bxh4 21. Nxh4 Be6 22. Nf3 Rde8 23. Na4 Qd8 24. Nc5 Bc8 25. Nd3 Nf5 26. Nf2 Qb6 27. Kh2 Be6 28. g3 Bc8 29. Kg2 Bd7 30. Rh1 Be6 31. g4 Nh6 32. f5 gxf5 33. gxh5 Kf8 34. Nd3 Ke7 35. Nf4 Kd7 36. Kh2 Reg8 37. Rhg1 Qb3 38. Rc3 Qb5 39. Ng5 Qa5 40. Qf2 Ng4+ 41. hxg4 Rxg5 42. gxf5 Rxf5 43. Rh3 Kc8 44. h6 Qd8 45. Rh4 Rg5 46. Rxg5 Qxg5 47. Qg3 Qxg3+ 48. Kxg3 Bf5 49. Rh5 Rg8+ 50. Kf2 Be4 51. Rh2 Rh8 52. Kg3 Kc7 53. Kg4 Rg8+ 54. Kh4 Kb6 55. Rf2 c5 56. dxc5+ Kxc5 57. Nh5 Bg6 58. Nf6 Rh8 59. Kg5 Bb1 60. h7 d4 61. Kh6 Kc4 62. Kg7 Rc8 63. h8Q Rxh8 64. Kxh8 Kd3 65. Kg7 Ba2 66. Ng4 Be6 67. Rf4 b5 68. Nh6 Ke3 69. Rh4 d3 70. Nxf7 d2 71. Rh1 Bd5 72. Ra1 a5 73. Nd6 Bc6 74. Nf5+ Kd3 75. Rg1 Bd5 76. Kf6 b4 77. e6 Bc6 78. e7 Ba4 79. Ke5 Ke2 80. Nd4+ Kd3 81. Kd5 Ke3 82. axb4 axb4 83. b3 Be8 84. Nf5+ Kf2 85. Ra1 Bg6 86. Nd6 Ke2 87. e8Q+ Bxe8 88. Nxe8 d1Q+ 89. Rxd1 Kxd1 90. Kc4 Ke2 91. Nc7 Kf3 92. Nd5 Ke4 93. Nxb4 Ke5 94. Kc5 Ke6 95. Nd5 Kd7 96. b4 Kc8 97. Kc6 Kb8 98. b5 Ka7 99. b6+ Ka8 100. b7+ Kb8 101. Ne7 Ka7 102. Kc7 1-0

[Event "Duesseldorf-ch"]
[Site "Duesseldorf"]
[Date "2005.11.25"]
[Round "9.1"]
[White "Kappelt, Joerg"]
[Black "Sponheim, Marko"]
[Result "1/2-1/2"]
[WhiteElo "2180"]
[BlackElo "1976"]
[PlyCount "121"]
[EventDate "2005.09.02"]
[EventType "swiss"]
[EventRounds "9"]
[EventCountry "GER"]
[SourceTitle "EXT 2006"]
[Source "ChessBase"]
[SourceDate "2005.11.24"]
[SourceVersion "1"]
[SourceVersionDate "2005.11.24"]
[SourceQuality "1"]

1. f4 c5 2. Nf3 g6 3. e3 Bg7 4. Be2 Nc6 5. 0-0 d5 6. d4 cxd4 7. exd4 Nf6 8. c3 0-0 9. Ne5 Ne4 10. Nd2 Nxd2 11. Bxd2 f6 12. Nd3 Bf5 13. Nf2 e5 14. fxe5 fxe5 15. dxe5 Bxe5 16. Ng4 Bxg4 17. Rxf8+ Qxf8 18. Bxg4 Qd6 19. h3 Rf8 20. Be3 Na5 21. b4 Bxc3 22. bxa5 Qe5 23. Rb1 Qxe3+ 24. Kh1 Rf2 25. Qxd5+ Kg7 26. Bf3 Be1 27. Kh2 Rf1 28. Rxb7+ Kh6 29. Rxh7+ Kxh7 30. Qf7+ Kh6 31. Qf8+ Kg5 32. Qd8+ Kf5 33. g4+ Ke5 34. Qe7+ Kd4 35. Qxa7+ Kd3 36. Qa6+ Kd4 37. Qb6+ Kd3 38. Qb5+ Kd4 39. Qb6+ Kd3 40. Qb5+ Kd4 41. Qxf1 Bxa5 42. Qd1+ Ke5 43. Qd5+ Kf4 44. Qxa5 Kxf3 45. Qd5+ Kf4 46. Qc4+ Kg5 47. Qb5+ Kh4 48. Qf1 Qg3+ 49. Kh1 Qa3 50. Qg2 Qc1+ 51. Kh2 Qf4+ 52. Kg1 Qc1+ 53. Qf1 Qa3 54. Qg2 Qc1+ 55. Kh2 Qf4+ 56. Kh1 Qc1+ 57. Qg1 Qc6+ 58. Kh2 Qd6+ 59. Kg2 Qd5+ 60. Kf1 Kxh3 61. a3 1/2-1/2